| 000 | 01022nam a2200277 i 4500 | ||
|---|---|---|---|
| 001 | bg | ||
| 100 | 1 | _aNAWOJCZYK, Maria | |
| 245 | 1 | 0 |
_aSocjalistyczni inżynierowie w drodze do menedżeryzmu : _breforma gospodarcza lat 80. i 90. / _cMaria Nawojczyk. |
| 260 |
_aToruń : _bUMK, _c1996. |
||
| 300 |
_a176, [1] s. ; _c21 cm. |
||
| 490 | 1 | _aRozprawy / Uniwersytet Mikołaja Kopernika | |
| 504 | _aBibliogr s. 162-[177]. | ||
| 650 | 9 |
_aInżynierowie _xsocjologia _zPolska _yod 1980 r. |
|
| 650 | 9 |
_aMiedź _xgórnictwo _xzakłady _zPolska _yod 1980 r. |
|
| 650 | 9 |
_aTransformacja systemu społeczno-gospodarczego _zPolska |
|
| 650 | 9 |
_aZarządzanie _xzagadnienia _zPolska _yod 1980 r. |
|
| 651 | 9 |
_aPolkowice (woj. Legnica) _xKopalnia "Rudna" |
|
| 830 | 0 | _aRozprawy (Uniwersytet Mikołaja Kopernika) | |
| 020 | _a8323107858 | ||
| 040 | _cBPK | ||
| 041 | 0 | _apl | |
| 080 | _a62-051:316.343.65:65.012.4:622.343-051](438)"1980/..." | ||
| 920 | _a83-231-0785-8 | ||
| 942 | _cKS | ||
| 008 | s pl f |000 0 pol | ||
| 999 |
_c42411 _d42411 |
||
| 856 |
_uhttp://koha.tu.koszalin.pl/cgi-bin/koha/opac-detail.pl?biblionumber=42411 _yKatalog online BPK |
||